[Event "45th IT Bosna 2015"]
[Site "Sarajevo"]
[Date "2015.06.02"]
[Round "6.12"]
[White "Sutkovic, Damir"]
[Black "Jakovljevic, Vlado"]
[Result "0-1"]
[WhiteElo "2320"]
[BlackElo "2393"]
[PlyCount "90"]
[EventDate "2015.05.30"]

1. b3 e5 2. Bb2 Nc6 3. e3 d5 4. Bb5 Bd6 5. Nf3 Qe7 6. Nc3 Nf6 7. d4 e4 8. Nd2
O-O 9. h3 Nd8 10. Be2 c6 11. a4 Ne8 12. Qc1 f5 13. Ba3 f4 14. Bxd6 Qxd6 15.
exf4 Qxf4 16. Nd1 Ne6 17. g3 Qf6 18. c3 Ng5 19. h4 Nh3 20. Rf1 Nd6 21. Nb1 Bd7
22. Na3 Qg6 23. Nc2 Rf6 24. Nce3 Raf8 25. Ra2 Nxf2 26. Rxf2 Rxf2 27. Nxf2 Qxg3
28. Bf1 Rf3 29. Re2 h6 30. Bg2 Rxe3 31. Qxe3 Qxg2 32. Qf4 Nf5 33. Nd1 Qh1+ 34.
Kd2 Qxh4 35. Qxh4 Nxh4 36. c4 Bg4 37. Rf2 Bxd1 38. Kxd1 g5 39. cxd5 cxd5 40.
Rf6 Kg7 41. Rd6 g4 42. Rxd5 g3 43. Ke2 g2 44. Kf2 e3+ 45. Kg1 e2 0-1

[Event "45th IT Bosna 2015"]
[Site "Sarajevo"]
[Date "2015.06.02"]
[Round "6.14"]
[White "Drazic, Sinisa"]
[Black "Obad, Andrija"]
[Result "1/2-1/2"]
[WhiteElo "2439"]
[BlackElo "2074"]
[PlyCount "183"]
[EventDate "2015.05.30"]

1. d4 e6 2. Nf3 Nf6 3. c4 b6 4. g3 Ba6 5. b3 Bb4+ 6. Bd2 Be7 7. Nc3 O-O 8. Bg2
d5 9. cxd5 exd5 10. Ne5 Bb7 11. Qc2 c5 12. e3 Nc6 13. O-O cxd4 14. Nxc6 Bxc6
15. exd4 Rc8 16. Qd3 Qd7 17. Rfe1 Rfe8 18. Qf1 Qb7 19. f3 h6 20. Qd3 Qd7 21. a4
Bb4 22. Bf1 Rxe1 23. Rxe1 Re8 24. Rc1 Rc8 25. Bf4 Bd6 26. Be3 Bb7 27. Rc2 Bb4
28. Na2 Bd6 29. Bd2 Ba6 30. Rxc8+ Bxc8 31. Nc1 Nh7 32. Ne2 Nf8 33. Kf2 Ne6 34.
Be3 Bb7 35. Ng1 Nf8 36. Be2 Qc8 37. Bd2 Ne6 38. Kg2 Be7 39. Be3 Ng5 40. Bf1 Bf6
41. Kf2 Qc6 42. h4 Ne6 43. Qd2 Qc7 44. Be2 Qc8 45. f4 Nc7 46. Nf3 Ne8 47. Ne5
Nd6 48. Kg2 Ne4 49. Qd3 Bxe5 50. fxe5 Qf5 51. Bg1 Bc8 52. g4 Qe6 53. Qe3 Qg6
54. h5 Qc6 55. Bd1 Be6 56. Kh3 Qc8 57. Bh2 f5 58. exf6 Nxf6 59. Qf4 Nxh5 60.
Qb8 Nf6 61. Qxc8+ Bxc8 62. Bb8 a6 63. Kg3 g5 64. Bf3 Kf7 65. Bc7 b5 66. axb5
axb5 67. Ba5 Be6 68. Bb4 Kg6 69. Be2 Ne4+ 70. Kg2 Kf7 71. Bf3 Nf6 72. Kg3 Ne4+
73. Kg2 Ke8 74. Be2 Bd7 75. Bf3 Nf6 76. Kg3 Be6 77. Be2 Bd7 78. Bd1 Bc6 79. Be2
Kf7 80. Kg2 Kg7 81. Kg3 Be8 82. Kg2 Ng8 83. Kg3 Kf7 84. Bd6 Ne7 85. Bf3 Bc6 86.
Bc5 Ng8 87. Be2 Nf6 88. Bb4 Kg6 89. Kg2 Bd7 90. Kg3 Ne4+ 91. Kg2 Nf6 92. Kg3
1/2-1/2

[Event "45th IT Bosna 2015"]
[Site "Sarajevo"]
[Date "2015.06.02"]
[Round "6.15"]
[White "Heberla, Bartlomiej"]
[Black "Terzic, Ilijas"]
[Result "1/2-1/2"]
[WhiteElo "2556"]
[BlackElo "2166"]
[PlyCount "50"]
[EventDate "2015.05.30"]

1. e4 e6 2. d4 d5 3. Nd2 c5 4. c3 cxd4 5. cxd4 Nc6 6. Ngf3 Nf6 7. Bd3 dxe4 8.
Nxe4 Be7 9. O-O Nb4 10. Bb1 O-O 11. a3 Nbd5 12. Qd3 Bd7 13. Ne5 Rc8 14. Ng5 g6
15. Nxh7 Kxh7 16. Nxf7 Rxf7 17. Qxg6+ Kh8 18. Qxf7 Rxc1 19. Rxc1 Nf4 20. Bg6
Be8 21. Rc8 Bxf7 22. Rxd8+ Bxd8 23. Bxf7 Kg7 24. g3 Ne2+ 25. Kg2 Nxd4 1/2-1/2

[Event "45th IT Bosna 2015"]
[Site "Sarajevo"]
[Date "2015.06.02"]
[Round "6.16"]
[White "Petrovic, Marija"]
[Black "Gazik, Viktor"]
[Result "0-1"]
[WhiteElo "2049"]
[BlackElo "2445"]
[PlyCount "90"]
[EventDate "2015.05.30"]

1. Nf3 g6 2. g3 Bg7 3. Bg2 c5 4. O-O Nc6 5. c4 d6 6. Nc3 e5 7. a3 f5 8. d3 h6
9. Bd2 Nf6 10. Ne1 O-O 11. Nd5 Be6 12. Nxf6+ Rxf6 13. b4 Qd7 14. e3 g5 15. f4
Rf7 16. Rc1 Rd8 17. fxg5 hxg5 18. Qh5 g4 19. Bd5 cxb4 20. axb4 Bxd5 21. cxd5
Ne7 22. e4 Rdf8 23. Ng2 Qb5 24. Bg5 Qxd3 25. Bxe7 Rxe7 26. exf5 Qd4+ 27. Kh1
Ref7 28. Qg5 Qe4 29. Rce1 Rxf5 30. Rxf5 Rxf5 31. Qd8+ Bf8 32. Qe8 Qf3 33. Qg6+
Bg7 34. Rg1 Rf6 35. Qe8+ Kh7 36. Qb5 Bh6 37. Qxb7+ Rf7 38. Qb5 e4 39. Qc4 Be3
40. Ra1 Bb6 41. Re1 Kg7 42. Qc1 e3 43. Qc3+ Rf6 44. Qc1 e2 45. Qg5+ Kf8 0-1

[Event "45th IT Bosna 2015"]
[Site "Sarajevo"]
[Date "2015.06.02"]
[Round "6.17"]
[White "Bucan, Eldin"]
[Black "Nestorovic, Dejan"]
[Result "0-1"]
[WhiteElo "2155"]
[BlackElo "2425"]
[PlyCount "110"]
[EventDate "2015.05.30"]

1. e4 c5 2. Nf3 e6 3. d4 cxd4 4. Nxd4 Bc5 5. Nb3 Bb6 6. Bd3 Ne7 7. Nc3 Nbc6 8.
Qg4 O-O 9. Qg3 f5 10. O-O Bc7 11. Qh4 f4 12. f3 Ne5 13. Ne2 N5g6 14. Qg5 Be5
15. g3 Bf6 16. Qh5 fxg3 17. hxg3 Ne5 18. Kg2 g6 19. Qh6 b6 20. Rh1 Rf7 21. Be3
N7c6 22. Nbd4 Nxd4 23. Nxd4 Nxd3 24. cxd3 Ba6 25. Rad1 Rc8 26. f4 Qf8 27. Qxf8+
Rfxf8 28. Rh2 e5 29. Nf3 exf4 30. gxf4 Rc2+ 31. Kg3 Rxh2 32. Kxh2 Bxb2 33. Kg3
Rc8 34. Rb1 Bg7 35. Rb3 Rc3 36. Rxc3 Bxc3 37. d4 Bd3 38. Ne5 Bxe4 39. Nxd7 Kg7
40. Ne5 Bd5 41. a4 Kf6 42. Kg4 h5+ 43. Kg3 Be1+ 44. Kh3 Be4 45. Nc4 Bf5+ 46.
Kg2 Ke6 47. Bg1 Kd5 48. Ne3+ Ke4 49. d5 Bd7 50. d6 Bb4 51. Nc4 Bxa4 52. Bxb6
axb6 53. Nxb6 Bc6 54. d7 Kxf4+ 55. Kh2 Be7 0-1

[Event "45th IT Bosna 2015"]
[Site "Sarajevo"]
[Date "2015.06.02"]
[Round "6.18"]
[White "Vajic, Goran"]
[Black "Mrndjic, Armin"]
[Result "1-0"]
[WhiteElo "2379"]
[BlackElo "2148"]
[PlyCount "81"]
[EventDate "2015.05.30"]

1. e4 e6 2. d4 d5 3. e5 c5 4. Nf3 cxd4 5. Nxd4 Nc6 6. Nxc6 bxc6 7. Bd3 Ne7 8.
O-O Ng6 9. f4 Bc5+ 10. Kh1 O-O 11. Nd2 f5 12. c3 Bb7 13. Nf3 Nh4 14. Ng5 Qe8
15. Qe1 Ng6 16. Be3 Bb6 17. b4 h6 18. Nf3 Qe7 19. Nd4 Rac8 20. Nb3 Rf7 21. Bc5
Bxc5 22. Nxc5 Nf8 23. a4 Rc7 24. a5 Bc8 25. Qf2 Nd7 26. Rfb1 Nxc5 27. Qxc5 Qxc5
28. bxc5 g6 29. Rb8 Kg7 30. Rab1 g5 31. g3 gxf4 32. gxf4 Kh7 33. Kg2 Rg7+ 34.
Kf3 Rg8 35. a6 Rcg7 36. Ra8 Rc7 37. Rbb8 Kg7 38. Ke3 Kf7 39. Be2 Ke7 40. Rb7
Kd8 41. Rxc7 1-0

[Event "45th IT Bosna 2015"]
[Site "Sarajevo"]
[Date "2015.06.02"]
[Round "6.19"]
[White "Bjelopoljak, Salko"]
[Black "Markoja, Boris"]
[Result "0-1"]
[WhiteElo "2084"]
[BlackElo "2372"]
[PlyCount "80"]
[EventDate "2015.05.30"]

1. e4 e6 2. Nf3 d5 3. exd5 exd5 4. d4 Bd6 5. Nc3 c6 6. Bd3 Ne7 7. O-O Bf5 8.
Re1 O-O 9. Ne2 Bxd3 10. Qxd3 Ng6 11. Bd2 Nd7 12. b3 Nf6 13. Ng5 Qd7 14. Ng3
Rae8 15. Nf5 Bf4 16. Ng3 Qg4 17. Nf3 Bxd2 18. Nxd2 h5 19. h3 Qf4 20. Ne2 Qh6
21. Nf3 Ne4 22. c4 a6 23. b4 Nf4 24. Nxf4 Qxf4 25. cxd5 cxd5 26. a4 g5 27. Qe3
Qxe3 28. Rxe3 f6 29. b5 Rc8 30. bxa6 bxa6 31. Ne1 Rc6 32. f3 Ng3 33. Nd3 Nf5
34. Nb4 Rc4 35. Rb3 Nxd4 36. Rbb1 Ne2+ 37. Kf2 Nf4 38. Nxa6 Rc2+ 39. Ke3 Re8+
40. Kd4 Rc4# 0-1

[Event "45th IT Bosna 2015"]
[Site "Sarajevo"]
[Date "2015.06.02"]
[Round "6.20"]
[White "Rasidovic, Sead"]
[Black "Dedebas, Emre Emin"]
[Result "1-0"]
[WhiteElo "2341"]
[BlackElo "2036"]
[PlyCount "48"]
[EventDate "2015.05.30"]

1. d4 Nf6 2. c4 g6 3. Nc3 Bg7 4. e4 d6 5. Nf3 O-O 6. Be2 Bg4 7. O-O Nfd7 8. Be3
Nc6 9. h3 Bxf3 10. Bxf3 e5 11. dxe5 dxe5 12. g3 h5 13. Qd2 h4 14. g4 Nd4 15.
Bg2 Nc5 16. f4 exf4 17. Bxf4 Nce6 18. Bh6 c6 19. Bxg7 Nf3+ 20. Rxf3 Qxd2 21.
Bxf8 Rxf8 22. Rf2 Qe3 23. Raf1 Ng5 24. Nd1 Nxh3+ 1-0

[Event "45th IT Bosna 2015"]
[Site "Sarajevo"]
[Date "2015.06.02"]
[Round "6.22"]
[White "Pestek, Elvis"]
[Black "Burovic, Rijad"]
[Result "0-1"]
[WhiteElo "2035"]
[BlackElo "2330"]
[PlyCount "98"]
[EventDate "2015.05.30"]

1. e4 e6 2. d4 d5 3. Nc3 dxe4 4. Nxe4 Nd7 5. Nf3 Ngf6 6. Nxf6+ Nxf6 7. Bd3 Be7
8. O-O O-O 9. c3 b6 10. Ne5 Bb7 11. Be2 c5 12. Bf3 Bxf3 13. Nxf3 cxd4 14. Qxd4
Qxd4 15. Nxd4 Rfe8 16. Bg5 h6 17. Bxf6 Bxf6 18. Nb5 Red8 19. Rfd1 a6 20. Na3 b5
21. Nc2 a5 22. a3 Kf8 23. Kf1 Ke7 24. Ke2 g6 25. Rxd8 Rxd8 26. Rd1 Rxd1 27.
Kxd1 Kd6 28. Ke2 a4 29. Ne3 Kc5 30. Kd3 h5 31. f3 Bg5 32. Nd1 f5 33. Nf2 e5 34.
Nh3 Bc1 35. Kc2 Bh6 36. Kd3 Kd5 37. Ng1 Bc1 38. Kc2 Be3 39. Ne2 Kc4 40. h3 h4
41. g3 g5 42. g4 fxg4 43. fxg4 e4 44. Nc1 Bxc1 45. Kxc1 Kb3 46. Kd2 Kxb2 47.
Ke3 Kxc3 48. Kxe4 b4 49. axb4 a3 0-1

[Event "45th IT Bosna 2015"]
[Site "Sarajevo"]
[Date "2015.06.02"]
[Round "6.23"]
[White "Trkulja, Goran"]
[Black "Aleksic, Neven"]
[Result "1-0"]
[WhiteElo "2324"]
[BlackElo "2034"]
[PlyCount "65"]
[EventDate "2015.05.30"]

1. e4 e5 2. d4 exd4 3. Qxd4 Qf6 4. e5 Qb6 5. Qxb6 axb6 6. Nc3 Bb4 7. Bd2 Ne7 8.
Bc4 O-O 9. Nf3 Na6 10. Nb5 Bxd2+ 11. Kxd2 Nc6 12. Rhe1 Na5 13. Bd3 h6 14. c3 d5
15. exd6 cxd6 16. Nxd6 Be6 17. Nd4 Rfd8 18. N6f5 Nc5 19. Ne3 Bxa2 20. Rxa2
Nab3+ 21. Nxb3 Rxd3+ 22. Kc2 Rxa2 23. Nxc5 Rxe3 24. Rxe3 bxc5 25. Re8+ Kh7 26.
Re7 b5 27. Rxf7 Kg6 28. Rb7 Ra5 29. Kd3 Kf6 30. g3 g6 31. b4 cxb4 32. cxb4 Ra2
33. Ke3 1-0

[Event "45th IT Bosna 2015"]
[Site "Sarajevo"]
[Date "2015.06.02"]
[Round "6.24"]
[White "Gazik, Igor"]
[Black "Haskovic, Salih"]
[Result "1-0"]
[WhiteElo "2320"]
[BlackElo "1942"]
[PlyCount "40"]
[EventDate "2015.05.30"]

1. e4 e5 2. Nf3 Nc6 3. Bb5 Nd4 4. Nxd4 exd4 5. O-O c6 6. Bc4 b5 7. Bb3 d6 8. a4
b4 9. c3 bxc3 10. bxc3 dxc3 11. Nxc3 Be7 12. d4 Nf6 13. Qf3 O-O 14. e5 Ng4 15.
e6 Rb8 16. Ba2 f5 17. Bf4 c5 18. Rfd1 cxd4 19. Rxd4 Bb7 20. Qd1 Rf6 1-0

[Event "45th IT Bosna 2015"]
[Site "Sarajevo"]
[Date "2015.06.02"]
[Round "6.25"]
[White "Sinanovic, Ermin"]
[Black "Hadzovic, Amir"]
[Result "1-0"]
[WhiteElo "1930"]
[BlackElo "2218"]
[PlyCount "83"]
[EventDate "2015.05.30"]

1. e4 e5 2. Nf3 Nc6 3. Nc3 d6 4. d4 Be7 5. d5 Nb8 6. Be3 Nf6 7. h3 h6 8. Bd3
Nh7 9. Qd2 Ng5 10. O-O-O Nd7 11. Ng1 Nh7 12. g3 Nc5 13. f4 Nxd3+ 14. cxd3 Bf6
15. Nf3 Nf8 16. d4 Nd7 17. g4 g6 18. Qh2 exd4 19. Bxd4 Bxd4 20. Rxd4 O-O 21. e5
dxe5 22. fxe5 Qe7 23. g5 h5 24. Ne4 Rd8 25. Qf4 Nf8 26. Nf6+ Kg7 27. Rc4 c6 28.
d6 Qe6 29. b3 Qf5 30. Qe3 Ne6 31. Nd4 Nxd4 32. Rxd4 b6 33. d7 Rxd7 34. Nxd7
Bxd7 35. Rf4 Qe6 36. Rhf1 Rf8 37. Rf6 Qxh3 38. R1f3 Qg2 39. e6 Be8 40. exf7 Bd7
41. Qe5 h4 42. R6f4+ 1-0

[Event "45th IT Bosna 2015"]
[Site "Sarajevo"]
[Date "2015.06.02"]
[Round "6.26"]
[White "Vujicic, Dragisa"]
[Black "Burovic, Ismet"]
[Result "0-1"]
[WhiteElo "1866"]
[BlackElo "2354"]
[PlyCount "108"]
[EventDate "2015.05.30"]

1. e4 c6 2. d4 d5 3. e5 Bf5 4. Nf3 e6 5. Be2 Nd7 6. O-O h6 7. c3 Ne7 8. Nbd2 c5
9. dxc5 Nc6 10. b4 Ncxe5 11. Bb5 Bd3 12. Bxd3 Nxd3 13. Qa4 Be7 14. Qb5 Nxc1 15.
Raxc1 Qc7 16. Qd3 O-O 17. Nb3 Rfd8 18. Qe2 b6 19. cxb6 Nxb6 20. Na5 Rac8 21.
Nd4 Bf6 22. g3 Nc4 23. Nxc4 Qxc4 24. Qb2 Rd7 25. a4 Rb7 26. Nb5 Rc6 27. Qd2 Qb3
28. Nd4 Bxd4 29. Qxd4 Rbc7 30. a5 Rxc3 31. Rxc3 Qxc3 32. Qxc3 Rxc3 33. a6 Rb3
34. Rc1 Rxb4 35. Rc7 g5 36. Rxa7 Ra4 37. Kf1 Ra2 38. g4 Kg7 39. Kg2 Ra3 40. Kf1
Ra4 41. h3 Ra3 42. Kg2 Kf6 43. f3 Ra2+ 44. Kg3 Ra3 45. Kf2 d4 46. Rd7 Ra2+ 47.
Kg1 Ke5 48. Rxf7 Rxa6 49. h4 gxh4 50. f4+ Ke4 51. Rf6 d3 52. Kf2 h3 53. f5 Ra2+
54. Ke1 h2 0-1

[Event "45th IT Bosna 2015"]
[Site "Sarajevo"]
[Date "2015.06.02"]
[Round "6.27"]
[White "Jusic, Zdenko"]
[Black "Jovovic, Milan"]
[Result "1-0"]
[WhiteElo "2283"]
[BlackElo "1991"]
[PlyCount "61"]
[EventDate "2015.05.30"]

1. e4 c5 2. Nf3 d6 3. d4 cxd4 4. Nxd4 Nf6 5. Nc3 a6 6. f4 e6 7. Qf3 Qb6 8. a3
Nc6 9. Nb3 Qc7 10. Bd3 b5 11. Bd2 Be7 12. Ne2 Bb7 13. Qg3 g6 14. Bc3 O-O 15.
Nd2 d5 16. e5 Nh5 17. Qe3 b4 18. axb4 Bxb4 19. Bxb4 Nxb4 20. O-O Nxd3 21. cxd3
d4 22. Nxd4 Rfd8 23. Nc4 Rd5 24. Ra3 Rad8 25. Ne2 Qc6 26. Rf2 Ba8 27. Rc3 Rb8
28. Nd6 Qd7 29. Nd4 Kg7 30. Rfc2 Rxd6 31. exd6 1-0

[Event "45th IT Bosna 2015"]
[Site "Sarajevo"]
[Date "2015.06.02"]
[Round "6.28"]
[White "Mestrovic, Zvonimir"]
[Black "Popic, Boris"]
[Result "1-0"]
[WhiteElo "2278"]
[BlackElo "2009"]
[PlyCount "113"]
[EventDate "2015.05.30"]

1. e4 c5 2. c3 e6 3. d4 cxd4 4. cxd4 d6 5. Nc3 Be7 6. Nf3 a6 7. Bd3 b5 8. O-O
Bb7 9. a4 b4 10. Na2 Nf6 11. Qe2 d5 12. e5 Nfd7 13. h4 b3 14. Nc3 Bxh4 15. Qd1
Nc6 16. Qxb3 Rb8 17. Qd1 Be7 18. Re1 g5 19. Be3 g4 20. Nh2 h5 21. Nf1 Bg5 22.
Qe2 Bxe3 23. fxe3 Nb4 24. Bb1 Qg5 25. Qf2 h4 26. Nd2 h3 27. Qf4 h2+ 28. Kh1 Qh5
29. Nf1 Ke7 30. Ng3 Qh4 31. Rf1 Rbf8 32. Bf5 Rhg8 33. Rac1 Kd8 34. Nce2 Nc6 35.
Bd3 Nb4 36. Bb1 Nc6 37. e4 Ne7 38. Qd2 f6 39. Qb4 Bc6 40. Qd6 fxe5 41. dxe5
Rxf1+ 42. Rxf1 Qh6 43. Nf4 Ke8 44. Nxe6 Qe3 45. exd5 Qxe5 46. Qxe5 Nxe5 47.
dxc6 N7xc6 48. Kxh2 Ke7 49. Nc5 a5 50. Nf5+ Kd8 51. Kg3 Kc7 52. Rd1 Nc4 53. b3
N4e5 54. Be4 Nb4 55. Ne6+ Kb6 56. Rd6+ Ka7 57. Nfd4 1-0

[Event "45th IT Bosna 2015"]
[Site "Sarajevo"]
[Date "2015.06.02"]
[Round "6.29"]
[White "Cabric, Izet"]
[Black "Hodzic, Nihad"]
[Result "1/2-1/2"]
[WhiteElo "1952"]
[BlackElo "2210"]
[PlyCount "133"]
[EventDate "2015.05.30"]

1. e4 c5 2. Nf3 d6 3. c3 Nf6 4. Be2 Nc6 5. d3 e6 6. O-O Be7 7. a3 a5 8. h3 d5
9. e5 Nd7 10. d4 a4 11. Bb5 Nb6 12. dxc5 Bxc5 13. Re1 Bd7 14. Bd3 Be7 15. Be3
h6 16. Nbd2 Rc8 17. Rc1 Kf8 18. c4 dxc4 19. Nxc4 Nxc4 20. Rxc4 b5 21. Rc1 Na5
22. Rxc8 Qxc8 23. Qe2 Qb7 24. Rd1 Nb3 25. Be4 Bc6 26. Bxc6 Qxc6 27. Nd4 Nxd4
28. Rxd4 g6 29. Qd2 Kg7 30. Rd7 Bc5 31. Bxc5 Qxc5 32. Qf4 Rf8 33. h4 h5 34. g4
hxg4 35. h5 Qc8 36. Re7 Qc2 37. Qf6+ Kh6 38. hxg6 Qxg6 39. Rxe6 fxe6 40. Qxf8+
Kh5 41. Kh2 Qh6 42. Qf7+ Kg5+ 43. Kg1 Qg6 44. Qe7+ Kh5 45. Kh2 Qf5 46. Qe8+ Kg5
47. Qe7+ Kf4 48. Qb4+ Qe4 49. Qxb5 Qxe5 50. Qb7 Kf5+ 51. Kg1 Qe1+ 52. Kg2 Qe4+
53. Qxe4+ Kxe4 54. Kg3 Kf5 55. f3 gxf3 56. Kxf3 Ke5 57. Ke3 Kd5 58. Kd3 e5 59.
Kc3 e4 60. b3 axb3 61. Kxb3 Kd4 62. Kc2 Ke3 63. a4 Kf2 64. a5 e3 65. a6 e2 66.
a7 e1=Q 67. a8=Q 1/2-1/2

[Event "45th IT Bosna 2015"]
[Site "Sarajevo"]
[Date "2015.06.02"]
[Round "6.30"]
[White "Pastar, Slaven"]
[Black "Alic, Amir"]
[Result "1/2-1/2"]
[WhiteElo "2194"]
[BlackElo "1964"]
[PlyCount "97"]
[EventDate "2015.05.30"]

1. e4 e5 2. Nf3 Nc6 3. Nc3 d6 4. Bc4 Be7 5. O-O Nf6 6. h3 a6 7. d4 exd4 8. Nxd4
Ne5 9. Be2 c5 10. Nf3 Ng6 11. a4 O-O 12. Re1 Be6 13. Ng5 d5 14. Nxe6 fxe6 15.
exd5 exd5 16. Nxd5 Nxd5 17. Bc4 Qc7 18. Bxd5+ Kh8 19. c4 Bh4 20. Be3 Rae8 21.
Rf1 Re5 22. a5 Bg5 23. Ra3 Ne7 24. Bxg5 Rxg5 25. Rf3 Rd8 26. Rf7 Qd6 27. Qf3
Nxd5 28. Rd1 h6 29. Rxb7 Rf8 30. Rxd5 Rxd5 31. Qxd5 Qf6 32. Qd2 Rd8 33. Rd7 Rb8
34. g3 Qe6 35. h4 Qxc4 36. Rc7 Qd4 37. Qe1 Rxb2 38. Rc6 Rb8 39. Qe6 Qd1+ 40.
Kg2 Qh5 41. Qd7 Qe5 42. Rc8+ Rxc8 43. Qxc8+ Kh7 44. Qxa6 Qd5+ 45. Kg1 c4 46.
Qb6 Qd1+ 47. Kh2 c3 48. Qe6 c2 49. Qe4+ 1/2-1/2

[Event "45th IT Bosna 2015"]
[Site "Sarajevo"]
[Date "2015.06.02"]
[Round "6.31"]
[White "Colpa, Husein"]
[Black "Strinic, Halid"]
[Result "1/2-1/2"]
[WhiteElo "1932"]
[BlackElo "2103"]
[PlyCount "99"]
[EventDate "2015.05.30"]

1. c4 Nf6 2. Nc3 g6 3. Nf3 Bg7 4. d4 d5 5. cxd5 Nxd5 6. e4 Nxc3 7. bxc3 c5 8.
Bb5+ Nc6 9. Be3 O-O 10. Bxc6 bxc6 11. Qd2 Bg4 12. Ne5 cxd4 13. cxd4 Bd7 14. Rd1
Be8 15. Nf3 Bd7 16. h3 Re8 17. g4 Qc8 18. Nh2 Qa6 19. f4 Be6 20. f5 Bc4 21. Rc1
e6 22. Qc3 Bb5 23. Kf2 exf5 24. exf5 Qxa2+ 25. Rc2 Qd5 26. Nf3 Re4 27. Qc5 Qxc5
28. Rxc5 Rae8 29. Re1 a6 30. d5 cxd5 31. Rxd5 Bc3 32. Bd2 Bxd2 33. Rxe4 Rxe4
34. Nxd2 Re8 35. f6 h6 36. h4 Kh7 37. g5 Re2+ 38. Kf3 Bc6 39. Kxe2 Bxd5 40. Kd3
hxg5 41. hxg5 Kg8 42. Kd4 Bc6 43. Nb3 Kf8 44. Ke5 Ke8 45. Kd6 Bb5 46. Kc7 Bc4
47. Na5 Be6 48. Nb7 Bh3 49. Nd6+ Kf8 50. Kb6 1/2-1/2

[Event "45th IT Bosna 2015"]
[Site "Sarajevo"]
[Date "2015.06.02"]
[Round "6.32"]
[White "Peric, Bernard"]
[Black "Dedic, Nedzad"]
[Result "1-0"]
[WhiteElo "2072"]
[BlackElo "1927"]
[PlyCount "71"]
[EventDate "2015.05.30"]

1. d4 d5 2. Nf3 Nf6 3. Bf4 e6 4. e3 c5 5. c3 Bd6 6. Bxd6 Qxd6 7. Ne5 Bd7 8. Bd3
Qb6 9. b3 a5 10. O-O a4 11. Nd2 Nc6 12. f4 Rc8 13. Qf3 g6 14. g4 h5 15. g5 Ng8
16. bxa4 Nge7 17. Rab1 Qa7 18. Nxd7 Kxd7 19. Nb3 Nd8 20. Bb5+ Nec6 21. Nxc5+
Ke7 22. e4 dxe4 23. Qxe4 b6 24. Nd3 Kf8 25. Ne5 Nxe5 26. Qxe5 Kg8 27. d5 Rc5
28. Rbd1 Kh7 29. c4 Rf8 30. Qd6 Kg8 31. Rfe1 Qa5 32. dxe6 Nxe6 33. Rxe6 fxe6
34. Bd7 Qc3 35. Bxe6+ Kg7 36. Qe7+ 1-0

[Event "45th IT Bosna 2015"]
[Site "Sarajevo"]
[Date "2015.06.02"]
[Round "6.33"]
[White "Selimovic, Amir"]
[Black "Kuzmanovic, Aleksa"]
[Result "0-1"]
[WhiteElo "1936"]
[BlackElo "2062"]
[PlyCount "76"]
[EventDate "2015.05.30"]

1. e4 d6 2. Nc3 Nf6 3. f4 c5 4. Bb5+ Nfd7 5. Nf3 a6 6. Bxd7+ Bxd7 7. O-O e6 8.
Qe1 Nc6 9. d3 Qc7 10. a3 O-O-O 11. Rb1 Be7 12. Be3 Bf6 13. Na2 Nd4 14. Bxd4
cxd4 15. Kh1 Qc5 16. c3 dxc3 17. Nxc3 Kb8 18. e5 dxe5 19. fxe5 Be7 20. b4 Qb6
21. b5 a5 22. Na4 Qa7 23. Rb3 Rc8 24. Nd2 Qd4 25. Rxf7 Rhe8 26. Nb2 a4 27. Nf3
Qd5 28. Rc3 Rxc3 29. Qxc3 Bxb5 30. Nc4 Bxc4 31. Qxc4 Qxc4 32. dxc4 Bxa3 33. Rf4
Bc5 34. Ng5 Be3 35. Rg4 Bxg5 36. Rxg5 a3 37. Rg3 a2 38. Ra3 Rd8 0-1

[Event "45th IT Bosna 2015"]
[Site "Sarajevo"]
[Date "2015.06.02"]
[Round "6.34"]
[White "Omanovic, Vahidin"]
[Black "Drino, Faris"]
[Result "1-0"]
[WhiteElo "2013"]
[BlackElo "1774"]
[PlyCount "97"]
[EventDate "2015.05.30"]

1. e4 c5 2. Nf3 Nc6 3. b3 d6 4. Bb2 e5 5. Bb5 Nf6 6. Qe2 Bd7 7. O-O Be7 8. c3
O-O 9. Re1 a6 10. Bd3 Nh5 11. Qd1 Nf4 12. Bf1 f5 13. d3 fxe4 14. dxe4 Bg4 15.
Nbd2 Bg5 16. Qc2 Nh3+ 17. gxh3 Bxf3 18. Nxf3 Rxf3 19. Rad1 Ne7 20. Rd3 Rxd3 21.
Qxd3 Rc8 22. Rd1 Rc6 23. Qg3 Ng6 24. Kh1 Qf6 25. Bc4+ Kh8 26. Rg1 h6 27. Bc1
Bxc1 28. Qxg6 Qxg6 29. Rxg6 b5 30. Bd5 Rb6 31. h4 h5 32. c4 Kh7 33. Re6 Bf4 34.
Re7 Kg6 35. Bg8 d5 36. cxd5 Rd6 37. Rc7 Kf6 38. Rxc5 Bd2 39. Kg2 Ba5 40. Kg3 g5
41. Be6 Bd8 42. Rc8 Kg6 43. Bf5+ Kh6 44. hxg5+ Kxg5 45. Ra8 Kf6 46. Kh4 Kg7+
47. Kxh5 Rh6+ 48. Kg4 Rh4+ 49. Kg3 1-0

[Event "45th IT Bosna 2015"]
[Site "Sarajevo"]
[Date "2015.06.02"]
[Round "6.36"]
[White "Colpa, Fahrudin"]
[Black "Bogdanovic, Rajko"]
[Result "0-1"]
[WhiteElo "1978"]
[BlackElo "2268"]
[PlyCount "74"]
[EventDate "2015.05.30"]

1. e4 c5 2. Nf3 d6 3. d4 cxd4 4. Nxd4 Nf6 5. Nc3 a6 6. Bd3 e5 7. Nde2 Be7 8.
O-O O-O 9. f4 b5 10. a3 Nbd7 11. b4 Nb6 12. Be3 Qc7 13. h3 Bb7 14. Qe1 Nc4 15.
Qf2 Rac8 16. a4 d5 17. fxe5 Nxe4 18. Bxe4 Nxe3 19. Bxh7+ Kxh7 20. Qxe3 Bxb4 21.
Qd3+ Kg8 22. Na2 Bc5+ 23. Kh1 Qxe5 24. axb5 axb5 25. Qxb5 Bd6 26. Nf4 Bc6 27.
Qd3 Ra8 28. c3 Qg5 29. g3 d4+ 30. Kh2 Bxf4 31. Rxf4 Qd5 32. Qd2 dxc3 33. Qf2
Qe6 34. Qc2 Rfb8 35. Rf2 Rb2 36. Qxb2 cxb2 37. Rxb2 Bd5 0-1

[Event "45th IT Bosna 2015"]
[Site "Sarajevo"]
[Date "2015.06.02"]
[Round "6.37"]
[White "Zildzic, Kenan"]
[Black "Oputic, Mirsad"]
[Result "1-0"]
[WhiteElo "2181"]
[BlackElo "1930"]
[PlyCount "89"]
[EventDate "2015.05.30"]

1. e4 c5 2. Nc3 e5 3. g3 Nc6 4. Bg2 d6 5. d3 Be6 6. Nh3 Be7 7. f4 f5 8. O-O Qd7
9. fxe5 dxe5 10. Ng5 fxe4 11. Nxe6 Qxe6 12. dxe4 Nf6 13. Nd5 Rc8 14. c3 O-O 15.
Qb3 Kh8 16. Qxb7 Rf7 17. Be3 Rb8 18. Qa6 Rxb2 19. Qa3 Rb7 20. Bxc5 Bd8 21. Rab1
Rbd7 22. Qa6 h5 23. Nb4 Rc7 24. Nd5 Rcd7 25. Rbd1 Ba5 26. Kh1 Kh7 27. Qc4 Kh8
28. Qa6 Kh7 29. Qe2 Kg6 30. Rf5 Kh7 31. Rdf1 Bd8 32. Nxf6+ Rxf6 33. Rxf6 Bxf6
34. Qxh5+ Kg8 35. Bh3 Qf7 36. Qxf7+ Rxf7 37. Be6 Nd8 38. Bd5 Kh7 39. Bxf7 Nxf7
40. Bxa7 Ng5 41. Re1 Nf3 42. Re2 Bg5 43. Be3 Be7 44. a4 g5 45. a5 1-0

[Event "45th IT Bosna 2015"]
[Site "Sarajevo"]
[Date "2015.06.02"]
[Round "6.38"]
[White "Rozic, Slaven"]
[Black "Bryn, Askild"]
[Result "1/2-1/2"]
[WhiteElo "1891"]
[BlackElo "2071"]
[PlyCount "80"]
[EventDate "2015.05.30"]

1. d4 d6 2. c4 Nd7 3. Nc3 g6 4. e4 Bg7 5. Be3 Ngf6 6. Bd3 e5 7. d5 O-O 8. f3
Nh5 9. Nge2 f5 10. Qd2 f4 11. Bf2 a6 12. Nc1 Bf6 13. g4 fxg3 14. hxg3 Bg5 15.
Qd1 Qf6 16. Be2 Nb6 17. Rh2 Bd7 18. b3 Nc8 19. a4 Ne7 20. Nd3 c5 21. a5 Ng7 22.
Na4 Be8 23. Qc2 Rc8 24. Qb2 Qf7 25. Naxc5 dxc5 26. Nxc5 Rb8 27. Qxe5 Bf6 28.
Qxb8 Bxa1 29. Qxb7 Qf6 30. Kf1 g5 31. Nd3 Ng6 32. Kg2 Bd4 33. Bxd4 Qxd4 34. Qb6
Qc3 35. Qb4 Qd4 36. Qc5 Qc3 37. d6 Qd2 38. Kg1 Ne6 39. Qf2 Bc6 40. Bf1 Qc3
1/2-1/2

[Event "45th IT Bosna 2015"]
[Site "Sarajevo"]
[Date "2015.06.02"]
[Round "6.39"]
[White "Zlobec, Srdjan"]
[Black "Gavranovic, Tahir"]
[Result "1/2-1/2"]
[WhiteElo "2061"]
[BlackElo "1889"]
[PlyCount "121"]
[EventDate "2015.05.30"]

1. d4 g6 2. Nf3 Bg7 3. Bf4 c5 4. e3 Nf6 5. c3 cxd4 6. exd4 d6 7. Nbd2 O-O 8.
Be2 Nc6 9. O-O Nh5 10. Be3 e5 11. dxe5 dxe5 12. Bc5 Re8 13. Ne4 Nf4 14. Bb5 Bg4
15. Qxd8 Rexd8 16. Nfd2 a6 17. Bxc6 bxc6 18. f3 Be6 19. Rfd1 Nd3 20. Ba3 Rab8
21. b3 h6 22. Nc5 Nxc5 23. Bxc5 f5 24. Nf1 e4 25. Bd4 exf3 26. gxf3 f4 27. Bxg7
Kxg7 28. Kf2 Bf5 29. Rac1 a5 30. Rd4 Rxd4 31. cxd4 a4 32. Nd2 axb3 33. axb3 Rb6
34. Rc3 Ra6 35. Ke2 g5 36. Rc5 Kg6 37. b4 Rb6 38. Nc4 Rxb4 39. Rxc6+ Kh5 40. d5
Rb3 41. Nd6 Re3+ 42. Kf2 Bg6 43. Nc4 Rc3 44. Ne5 Rxc6 45. dxc6 Bf5 46. c7 Kh4
47. Nf7 h5 48. Nd6 Bd7 49. c8=Q Bxc8 50. Nxc8 Kh3 51. Kg1 g4 52. Nd6 g3 53. Ne4
gxh2+ 54. Kh1 h4 55. Nd2 Kg3 56. Nf1+ Kxf3 57. Nxh2+ Kf2 58. Ng4+ Kg3 59. Ne5
h3 60. Kg1 h2+ 61. Kh1 1/2-1/2